| 000 | 01373nam0a22003371 4500 | ||
|---|---|---|---|
| 001 | RU\NLR\bibl\462099 | ||
| 005 | 20250623184241.0 | ||
| 010 |
_a5-699-03502-8 _95000 |
||
| 021 |
_aRU _b2003-54787 _92661 |
||
| 035 | _a(NLR Aleph) 000455533 | ||
| 090 |
_a901078 _c901078 |
||
| 100 | _a20031119d2003 |||y0rusy50 ca | ||
| 101 | 1 | _arus | |
| 102 | _aRU | ||
| 105 | _aa ||||||||| | ||
| 200 | 1 |
_aКодекс бусидо _eХагакурэ.Сокрытое в листве _e[Сб. _fПер. А. Боченкова, В. Горбатько _gПредисл. и глоссарий Т. Улищенко] |
|
| 210 |
_aМ. _cЭксмо _d2003 |
||
| 215 |
_a428, [3] с. _cил. _d17 |
||
| 225 | 1 | _aСерия "Антология мудрости" | |
| 327 | 1 | _aСодерж.: Хагакурэ (Сокрытое в листве)/Ямамото Цунэтомо. Писания японских воинов: Правила и послания | |
| 517 | 0 | _aСокрытое в листве | |
| 606 | 0 |
_aВоенная наука _jСборники _yЯпония _92304879 _3RU\NLR\auth\661379750 |
|
| 686 | _aЦ1,8(5Я)я43 | ||
| 702 | 1 |
_aБоченков _bА. _gАндрей _4730 |
|
| 801 | 0 |
_aRU _bNLR _c20031119 _gPSBO |
|
| 801 | 1 |
_aRU _bNLR _c20031119 |
|
| 852 |
_aNLR _bОЛСАА-сл-спр _j2-4548 |
||
| 942 | _cBOOK | ||
| 980 | _aNB | ||
| 980 | 1 | _aSL_SPR | |